000 00519nam a2200181Ia 4500
999 _c3679
_d3679
003 OSt
005 20200930104013.0
008 190216s9999||||xx |||||||||||||| ||und||
020 _a9788187134312
040 _coclc
082 _a572
_bBHA/E
100 _aBhattacharya, Shelley
_95179
245 0 _aEnvironmental Toxicology /
_cShelley Bhattacharya
260 _bBooks And Allied Pvt Ltd,
_c2011.
_aKolkata:
300 _a222p
650 _aChemistry
942 _cBK
_2ddc
_h572
_iBHA/E
_k572
_mBHA/E